UM Logo

A novel online monitoring strategy for the localized grounding insulation defect of converter transformers based on converter switching states control / (Record no. 19913)

MARC details
000 -LEADER
fixed length control field 00991nam a22002177a 4500
003 - CONTROL NUMBER IDENTIFIER
control field OSt
005 - DATE AND TIME OF LATEST TRANSACTION
control field 20250918162145.0
008 - FIXED-LENGTH DATA ELEMENTS--GENERAL INFORMATION
fixed length control field 240401b ||||| |||| 00| 0 eng d
040 ## - CATALOGING SOURCE
Transcribing agency 0
082 ## - DEWEY DECIMAL CLASSIFICATION NUMBER
Classification number DPer 621.381 In821 September 2022 v. 37 n. 9
100 ## - MAIN ENTRY--PERSONAL NAME
Personal name Lu, Geye.
Relator term author.
9 (RLIN) 55596
245 ## - TITLE STATEMENT
Title A novel online monitoring strategy for the localized grounding insulation defect of converter transformers based on converter switching states control /
Statement of responsibility, etc. Geye Lu, Qinghao Zhang, Dayong Zheng, and Pinjia Zhang.
260 ## - PUBLICATION, DISTRIBUTION, ETC. (IMPRINT)
Place of publication, distribution, etc. New York ;
Name of publisher, distributor, etc. The Institute of Electrical and Electronics Engineers, Inc. ,
Date of publication, distribution, etc. September 2022.
300 ## - PHYSICAL DESCRIPTION
Extent Volume 37, pages 11124-11134 :
Other physical details illustration ;
Dimensions 28 cm.
500 ## - GENERAL NOTE
General note IEEE Transitions on Power Electronics, v. 37 n. 9, pages 11124-11134, September 2022.
700 ## - ADDED ENTRY--PERSONAL NAME
Personal name Lu, Geye.
Relator term author.
9 (RLIN) 55596
700 ## - ADDED ENTRY--PERSONAL NAME
Personal name Zhang, Qinghao.
Relator term author.
9 (RLIN) 55597
700 ## - ADDED ENTRY--PERSONAL NAME
Personal name Zheng, Dayong.
Relator term author.
9 (RLIN) 55598
700 ## - ADDED ENTRY--PERSONAL NAME
Personal name Zhang, Pinjia.
Relator term author.
9 (RLIN) 55599
942 ## - ADDED ENTRY ELEMENTS (KOHA)
Source of classification or shelving scheme Dewey Decimal Classification
Koha item type Periodicals
Holdings
Withdrawn status Lost status Source of classification or shelving scheme Damaged status Not for loan Collection code Home library Current library Date acquired Total Checkouts Full call number Date last seen Price effective from Koha item type Public note
    Dewey Decimal Classification     Periodicals UM Digos College - LIC UM Digos College - LIC 04/01/2024   DPer 621.381 In821 September 2022 v. 37 n. 9 04/01/2024 04/01/2024 Periodicals Periodical Article